Penyiasat Ekstrovert : Kucing utusan

Bibliographic Details
Main Author: Mohamad Kholid Hamzah
Corporate Author: Title
Format: Book
Published: Selangor : PTS O.N.E , 2007
Subjects:

MARC

LEADER 00000cam a2200000 7i4500
001 0000064708
005 20160720.0
008 160720
020 |a 9789833653799 
020 |a 9833653790 
090 0 0 |a AD   |b MAL 
100 0 |a Mohamad Kholid Hamzah 
245 1 0 |a Penyiasat Ekstrovert :   |b Kucing utusan   |c Mohamad Kholid Hamzah & Nuriazam Ismail 
260 |a Selangor :   |b PTS O.N.E ,   |c 2007 
500 |a Children ages 7-9 years old (orange) 
650 0 |a Detective and mystery stories 
650 0 |a Malay   |x Comic books 
710 0 |a Title 
999 |a 0001053169   |b Book   |c Children Collection   |e Cawangan Pontian 
999 |a 0001053170   |b Book   |c Children Collection   |e Cawangan Tmn. Ungku Tun Aminah 
999 |a 0001053172   |b Book   |c Children Collection   |e Cawangan Taman Universiti